000 00348cam a22001337a 4500
008 180718b1987 xxu||||| |||| 00| 0 eng d
082 _aL9x54 G746
245 _aGovernment auditing
_cby T.N. Chaturavedi
260 _aDelhi
_bAshish
_c1987
300 _a294p.
650 _a(Written off)
650 _aAuditing - India
700 _aChaturavedi, T.N.
999 _c345932
_d345932